| 000 | 00390nam a22001457a 4500 | ||
|---|---|---|---|
| 082 |
_a624.1821 _bSTE |
||
| 100 |
_aD.S.S _943136 |
||
| 245 | _aPractical design of Steel Structures | ||
| 250 | _a3rd | ||
| 260 |
_aGreat Britain _bThe Whitefrias Press _c1953 |
||
| 300 |
_axiii, 297 p. : _bill. : _c6 Cm |
||
| 526 |
_a0 _b0 _c0 _d624_182100000000000_STE |
||
| 650 |
_aD _96527 |
||
| 942 |
_2ddc _cBK |
||
| 999 |
_c546940 _d546940 |
||